[Event "Araraquara op 2nd"]
[Site "Araraquara"]
[Date "2024.02.12"]
[Round "6"]
[White "Bastos, Ricardo Alves"]
[Black "Kinouchi, Antonio Almeida EO"]
[Result "1-0"]
[WhiteElo "1408"]
[BlackElo "1800"]
[PlyCount "115"]
[EventDate "2024.02.10"]
[EventType "swiss"]
[EventRounds "7"]
[EventCountry "BRA"]
[SourceTitle "CB09_2024"]
[SourceDate "2024.02.28"]
[SourceVersion "1"]
[SourceVersionDate "2024.02.28"]
[SourceQuality "1"]

1. c4 e6 2. Nf3 Nf6 3. e3 d5 4. Nc3 Be7 5. d4 0-0 6. Be2 dxc4 7. Bxc4 c5 8. 0-0 cxd4 9. Nxd4 Nc6 10. Nxc6 bxc6 11. b3 Bb7 12. Qc2 Nd5 13. Rd1 Qc7 14. Nxd5 cxd5 15. Bd3 Qxc2 16. Bxc2 Bf6 17. Rb1 Rac8 18. Bd3 Rc7 19. Ba3 Rfc8 20. Rbc1 Rc3 21. Rxc3 Rxc3 22. Bb2 Rxd3 23. Rxd3 Bxb2 24. Rd2 Be5 25. a4 Kf8 26. b4 Ke7 27. Rc2 Kd7 28. Kf1 Bd6 29. b5 Bc7 30. g3 a6 31. Ke2 axb5 32. axb5 Kd8 33. Kd3 e5 34. f4 f6 35. h4 e4+ 36. Ke2 Kd7 37. g4 Kd8 38. Rc1 Bc8 39. f5 g6 40. Rc5 gxf5 41. Rxd5+ Ke7 42. Rc5 Kd8 43. gxf5 Bd6 44. Rd5 Kc7 45. b6+ Kc6 46. Rd2 Bxf5 47. b7 Bb8 48. Rb2 Be6 49. Kd2 Bd5 50. Rb1 h5 51. Kc3 Kc7 52. Rb5 Bxb7 53. Rxh5 Kd6 54. Rh8 Bc7 55. h5 Ke6 56. Kd2 Kf5 57. Rg8 Be5 58. h6 1-0

[Event "Araraquara op 2nd"]
[Site "Araraquara"]
[Date "2024.02.10"]
[Round "2"]
[White "Kinouchi, Antonio Almeida EO"]
[Black "Morioka, Felipe Yukio"]
[Result "0-1"]
[WhiteElo "1800"]
[BlackElo "1572"]
[PlyCount "64"]
[EventDate "2024.02.10"]
[EventType "swiss"]
[EventRounds "7"]
[EventCountry "BRA"]
[SourceTitle "CB09_2024"]
[SourceDate "2024.02.28"]
[SourceVersion "1"]
[SourceVersionDate "2024.02.28"]
[SourceQuality "1"]

1. g3 Nf6 2. Bg2 g6 3. Nf3 Bg7 4. 0-0 0-0 5. d3 d6 6. e4 e5 7. Bg5 h6 8. Bxf6 Qxf6 9. Nbd2 Nc6 10. c3 Be6 11. Re1 Rad8 12. Qc2 Qe7 13. b4 Qd7 14. b5 Ne7 15. a4 f5 16. d4 f4 17. Rad1 Qc8 18. Nf1 g5 19. h3 Bxh3 20. N3h2 Bxg2 21. Kxg2 fxg3 22. fxg3 Qe6 23. d5 Qg6 24. Qe2 h5 25. Rd3 Rf7 26. Nd2 g4 27. Rf1 Rxf1 28. Ndxf1 Rf8 29. Qe1 Kh8 30. Rd2 Bh6 31. Rf2 Rxf2+ 32. Kxf2 Ng8 0-1